لا تتعرض للعض - Statistics

الإحصائيات العامة
  • هذا الإختبار تم الخضوع له 278 مره
  • الدرجة المتوسطة هي 7 من 27
Answers on the Grid
Answers color-coded by a green-red scale on the quiz's grid according to % correct below.
 
إحصائيات الإجابة
Answer % صحيح
35%
34%
34%
34%
33%
33%
32%
31%
31%
28%
28%
27%
26%
26%
26%
25%
25%
24%
24%
24%
23%
23%
23%
22%
21%
21%
19%
No matching quizzes found
توزيع النقاط
نسبة الأشخاص لكل درجة
النسبة وفقا للأرقام
سجل النقاط الخاصة بك
لم تضخع لهذا الإختبار